<?xml version="1.0" encoding="UTF-8"?><?xml-stylesheet type="text/xsl" href="static/style.xsl"?><OAI-PMH xmlns="http://www.openarchives.org/OAI/2.0/" xmlns:xsi="http://www.w3.org/2001/XMLSchema-instance" xsi:schemaLocation="http://www.openarchives.org/OAI/2.0/ http://www.openarchives.org/OAI/2.0/OAI-PMH.xsd"><responseDate>2026-04-14T04:11:27Z</responseDate><request verb="GetRecord" identifier="oai:www.recercat.cat:10230/41927" metadataPrefix="marc">https://recercat.cat/oai/request</request><GetRecord><record><header><identifier>oai:recercat.cat:10230/41927</identifier><datestamp>2025-12-21T18:07:49Z</datestamp><setSpec>com_2072_6</setSpec><setSpec>col_2072_452952</setSpec></header><metadata><record xmlns="http://www.loc.gov/MARC21/slim" xmlns:dcterms="http://purl.org/dc/terms/" xmlns:xsi="http://www.w3.org/2001/XMLSchema-instance" xmlns:doc="http://www.lyncode.com/xoai" xsi:schemaLocation="http://www.loc.gov/MARC21/slim http://www.loc.gov/standards/marcxml/schema/MARC21slim.xsd">
   <leader>00925njm 22002777a 4500</leader>
   <datafield ind2=" " ind1=" " tag="042">
      <subfield code="a">dc</subfield>
   </datafield>
   <datafield ind2=" " ind1=" " tag="720">
      <subfield code="a">Santonja, Angela</subfield>
      <subfield code="e">author</subfield>
   </datafield>
   <datafield ind2=" " ind1=" " tag="720">
      <subfield code="a">Albanell Mestres, Joan</subfield>
      <subfield code="e">author</subfield>
   </datafield>
   <datafield ind2=" " ind1=" " tag="720">
      <subfield code="a">Alba, Emilio</subfield>
      <subfield code="e">author</subfield>
   </datafield>
   <datafield ind2=" " ind1=" " tag="260">
      <subfield code="c">2019-07-04T06:26:32Z</subfield>
   </datafield>
   <datafield ind2=" " ind1=" " tag="260">
      <subfield code="c">2019-07-04T06:26:32Z</subfield>
   </datafield>
   <datafield ind2=" " ind1=" " tag="260">
      <subfield code="c">2018</subfield>
   </datafield>
   <datafield ind2=" " ind1=" " tag="520">
      <subfield code="a">Triple negative breast cancer (TNBC) is a heterogeneous disease with distinct molecular subtypes that differentially respond to chemotherapy and targeted agents. The purpose of this study is to explore the clinical relevance of Lehmann TNBC subtypes by identifying any differences in response to neoadjuvant chemotherapy among them. We determined Lehmann subtypes by gene expression profiling in paraffined pre-treatment tumor biopsies from 125 TNBC patients treated with neoadjuvant anthracyclines and/or taxanes +/- carboplatin. We explored the clinicopathological characteristics of Lehmann subtypes and their association with the pathologic complete response (pCR) to different treatments. The global pCR rate was 37%, and it was unevenly distributed within Lehmann&amp;apos;s subtypes. Basal-like 1 (BL1) tumors exhibited the highest pCR to carboplatin containing regimens (80% vs 23%, p=0.027) and were the most proliferative (Ki-67&amp;gt;50% of 88.2% vs. 63.7%, p=0.02). Luminal-androgen receptor (LAR) patients achieved the lowest pCR to all treatments (14.3% vs 42.7%, p=0.045 when excluding mesenchymal stem-like (MSL) samples) and were the group with the lowest proliferation (Ki-67≤50% of 71% vs 27%, p=0.002). In our cohort, only tumors with LAR phenotype presented non-basal-like intrinsic subtypes (HER2-enriched and luminal A). TNBC patients present tumors with a high genetic diversity ranging from highly proliferative tumors, likely responsive to platinum-based therapies, to a subset of chemoresistant tumors with low proliferation and luminal characteristics.</subfield>
   </datafield>
   <datafield ind2=" " ind1=" " tag="520">
      <subfield code="a">This work was supported by Centro de Investigación Biomédica en Red de Cáncer (CIBERONC) from Instituto de Salud Carlos III (ISCIII) (CB16/12/00241, CB16/12/00471, CB16/12/00481) and by research grants from ISCIII (PI13/00730), Mutua Madrileña 2013 and Sociedad Española de Oncología Médica (SEOM) 2013. The authors acknowledge support through grant TIN2017-88728-C2-1-R from MICINN-SPAIN. Angela Santonja has a predoctoral grant PFIS-ISCIII (FI12/00489).</subfield>
   </datafield>
   <datafield tag="653" ind2=" " ind1=" ">
      <subfield code="a">Carboplatin</subfield>
   </datafield>
   <datafield tag="653" ind2=" " ind1=" ">
      <subfield code="a">Neoadjuvant therapy</subfield>
   </datafield>
   <datafield tag="653" ind2=" " ind1=" ">
      <subfield code="a">Pathologic complete response</subfield>
   </datafield>
   <datafield tag="653" ind2=" " ind1=" ">
      <subfield code="a">Subtyping</subfield>
   </datafield>
   <datafield tag="653" ind2=" " ind1=" ">
      <subfield code="a">Triple negative breast cancer</subfield>
   </datafield>
   <datafield ind2="0" ind1="0" tag="245">
      <subfield code="a">Triple negative breast cancer subtypes and pathologic complete response rate to neoadjuvant chemotherapy</subfield>
   </datafield>
</record></metadata></record></GetRecord></OAI-PMH>